000 01102cam a2200289 a 4500
001 2089348
003 ARRUPE
005 20211007095724.0
008 951120s1996 enka b 001 0 eng
010 _a 95043389
020 _a0198751540 (acidfree paper)
020 _a0198751559 (pbk. : acidfree paper)
040 _aDLC
_cDLC
_dDLC
050 0 0 _aBD418.8
_b.B63 1996
082 0 0 _a113/.8
_220
245 0 4 _aThe philosophy of artificial life /
_cedited by Margaret A. Boden.
260 _aOxford ;
_aNew York :
_bOxford University Press,
_c1996.
300 _aviii, 405 p. :
_bill. ;
_c21 cm.
440 0 _aOxford readings in philosophy
_913542
504 _aIncludes bibliographical references (p. [397]-400) and index.
650 0 _aArtificial life.
_950313
700 1 _aBoden, Margaret A.
_914645
856 4 2 _3Publisher description
_uhttp://www.loc.gov/catdir/enhancements/fy0606/95043389-d.html
906 _a7
_bcbc
_corignew
_d1
_eocip
_f19
_gy-gencatlg
942 _2lcc
_cMONOGRAPH
999 _c130700
_d130700